[Event "Teplice Open 2018"]
[Site "Teplice"]
[Date "2018.06.16"]
[Round "1"]
[White "Demchenko, Anton"]
[Black "Kusa, Jakub"]
[Result "1-0"]
[WhiteElo "2670"]
[BlackElo "2046"]
[Annotator "TA"]
[PlyCount "67"]
[EventDate "2018.06.16"]
[EventType "swiss"]
[EventCountry "CZE"]
[SourceTitle "playchess.com"]
[Source "ChessBase"]
[SourceQuality "1"]

{[%evp 12,67,12,4,19,6,15,21,37,36,45,39,41,32,50,42,45,53,66,56,41,39,56,64,160,152,473,447,561,557,538,420,397,387,379,376,367,355,454,469,455,449,665,666,664,620,991,983,935,974,1047,1012,1393,805,797,677,1060,1054]} 1. e4 e5 2. Nf3 Nc6 3. Bc4 Bc5 4. d3 Nf6 5. Bg5 d6 6. c3 h6 7. Bh4 O-O {C54: Giuoco Piano: 4 c3 Nf6, main lines with 5 d4 and 5 d3} (7... a6 8. Nbd2 Ba7 9. O-O g5 10. Bg3 Qe7 11. Kh1 Nh5 12. a4 Nf4 13. b4 Ng6 14. Ne1 Nd8 15. Nc2 Ne6 {0-1 (46) Demchenko,A (2660)-Anand,V (2782) Riadh 2017}) 8. Nbd2 a6 9. a4 Be6 {The position is equal.} 10. b4 Ba7 11. O-O Qe7 12. Re1 Rfd8 $146 ({Predecessor:} 12... Bxc4 13. Nxc4 Qe6 14. b5 Ne7 15. Rb1 axb5 16. Rxb5 {0-1 (75) Hirn,O (2126)-Goehring,K (2116) Bayern 2015}) 13. Rb1 g5 14. Bg3 Kg7 15. b5 axb5 16. axb5 Nb8 17. d4 Bg4 {[#]} (17... Nbd7 $14) 18. Nf1 $1 $16 d5 $2 (18... Nbd7 $16) 19. exd5 $18 e4 20. Ne3 Qd7 21. Nxg4 Qxg4 22. h3 Qf5 23. Nd2 {[%cal Bf3d2,Bd2e4,Be4g3][%mdl 32]} Bb6 24. Qc2 Nxd5 25. Nxe4 {White is clearly winning.} Nd7 26. Bd3 {Strongly threatening Nc5.} Nf4 (26... Kg8 $142 27. Nc5 Qf6 28. Bh7+ Kf8 29. Nxb7 Rdb8) 27. Bxf4 Qxf4 28. Ng3 Nf6 {[#]} 29. Re4 $1 {[%mdl 512]} Nxe4 30. Nh5+ ({Less strong is} 30. Bxe4 Kh8 $16) 30... Kg8 31. Nxf4 Nxc3 32. Qxc3 gxf4 33. Rd1 Bxd4 34. Bh7+ {Precision: White = 88%, Black = 19%.} 1-0

[Event "Teplice Open 2018"]
[Site "Teplice"]
[Date "2018.06.16"]
[Round "1"]
[White "Romanov, Evgeny"]
[Black "Olsen, Aage Dalstrup"]
[Result "1-0"]
[WhiteElo "2628"]
[BlackElo "2045"]
[Annotator "TA"]
[PlyCount "49"]
[EventDate "2018.06.16"]
[EventType "swiss"]
[EventCountry "CZE"]
[SourceTitle "playchess.com"]
[Source "ChessBase"]
[SourceQuality "1"]

{[%evp 18,49,23,17,16,15,22,17,17,4,35,15,22,-20,-15,-10,-20,-10,38,34,205,193,230,237,231,228,231,215,353,320,326,314,334,329]} 1. e4 c5 2. Nf3 d6 3. d4 cxd4 4. Qxd4 Nc6 5. Bb5 Bd7 6. Qd3 {B53: Sicilian: 2...d6: Lines with Qxd4} a6 (6... g6 7. O-O Bg7 8. c4 Nf6 9. Nc3 O-O 10. h3 Rc8 11. Be3 Nb4 12. Qe2 a6 13. Bxd7 Nxd7 14. Rac1 Bxc3 15. Rxc3 Nxa2 {½-½ (28) Malakhov,V (2691)-Safarli,E (2657) Brest 2018}) 7. Bxc6 Bxc6 8. c4 Nf6 9. Nc3 g6 10. O-O {LiveBook: 10 Games} Bg7 11. Nd4 O-O 12. Rd1 Qc7 13. Bg5 $146 ({Predecessor:} 13. h3 Nd7 14. Be3 Ne5 15. Qe2 Bd7 16. f4 Nxc4 17. Nd5 Qc5 18. b4 Nxe3 19. bxc5 Nxd1 20. Rxd1 {1-0 (20) Matovic,M (2100)-Bilic,M (1706) Senta 2015}) 13... Rfe8 14. Rac1 Qa5 15. Nd5 Bxd5 16. exd5 e5 17. Nb3 {[%cal Bd4b3,Bb3c5,Bc5e4][%mdl 32]} Qa4 18. c5 dxc5 $2 {[#]} (18... Qxa2 $14 19. Bxf6 Bxf6) 19. Nxc5 $18 Qg4 20. Bxf6 $1 Bxf6 21. Ne4 ({Less strong is} 21. Nxb7 e4 $16) 21... Bd8 22. d6 Bg5 (22... Qf5 {is a better defense.} 23. d7 Rf8) 23. h3 Qf5 24. Rc7 Reb8 25. Qd5 {Precision: White = 73%, Black = 49%.} 1-0

[Event "Teplice Open 2018"]
[Site "Teplice"]
[Date "2018.06.16"]
[Round "1"]
[White "Fridman, Daniel"]
[Black "Domanski, Lukasz"]
[Result "1-0"]
[WhiteElo "2610"]
[BlackElo "2043"]
[Annotator "TA"]
[PlyCount "51"]
[EventDate "2018.06.16"]
[EventType "swiss"]
[EventCountry "CZE"]
[SourceTitle "playchess.com"]
[Source "ChessBase"]
[SourceQuality "1"]

{[%evp 27,51,104,117,57,95,74,80,68,81,79,76,73,80,76,80,80,71,79,81,68,141,139,158,100,86,89]} 1. Nf3 d6 2. d4 Nf6 3. c4 g6 4. g3 Bg7 5. Bg2 O-O 6. Nc3 Nbd7 7. O-O e5 8. e4 exd4 9. Nxd4 Re8 10. h3 Rb8 11. Be3 a6 12. b3 c5 13. Nde2 {E68: Königsindisch (Hauptvariante des g3-Systems mit e2-e4)} Ne5 14. a4 Qc7 {[#] LiveBook: 6 Partien} 15. Qc1 $146 ({Lieber} 15. Ra2 $16) ({Vorgänger:} 15. Ra2 h6 16. Rd2 Rd8 17. f4 Nc6 18. f5 Qe7 19. Nf4 Qe5 20. Ncd5 Nxe4 21. fxg6 fxg6 22. Nxg6 Qe8 23. Qc2 Nxd2 24. Bxd2 Qe2 25. Ndf4 Nd4 26. Bd5+ {1-0 (26) Cheparinov,I (2695)-Pascua,H (2427) Dubai 2016}) 15... b6 16. Bg5 Bb7 17. Rd1 Nc6 18. Rb1 Nb4 {[%cal Rf6e4]} 19. f3 Bc6 20. Qd2 Red8 21. Qf4 Qe7 22. Rd2 Rd7 23. Rbd1 {[%cal Rd2d6]} Rbd8 (23... Nh5 $14 24. Bxe7 Nxf4 25. gxf4 (25. Bxd6 Nxe2+ 26. Nxe2 Rbd8 $14) 25... Rxe7) 24. h4 $16 Qe6 25. Kh2 (25. Qe3 $142) 25... Nh5 26. Qe3 {Precision: Weiß = 57%, Schwarz = 44%.} 1-0

[Event "Teplice Open 2018"]
[Site "Teplice"]
[Date "2018.06.16"]
[Round "1"]
[White "Postny, Evgeny"]
[Black "Christiansen, Arne"]
[Result "1-0"]
[WhiteElo "2576"]
[BlackElo "2035"]
[Annotator "TA"]
[PlyCount "51"]
[EventDate "2018.06.16"]
[EventType "swiss"]
[EventCountry "CZE"]
[SourceTitle "playchess.com"]
[Source "ChessBase"]
[SourceQuality "1"]

{[%evp 22,51,65,59,76,58,100,104,100,74,79,91,124,86,94,91,150,140,154,162,171,138,107,80,195,169,195,204,208,218,318,251]} 1. d4 Nf6 2. c4 g6 3. Nc3 Bg7 4. e4 d6 5. Nf3 O-O 6. h3 e5 7. d5 a5 8. g4 Na6 9. Be3 Nc5 10. Nd2 Bd7 11. Be2 {E90: King's Indian: Classical: Early deviations and 6 h3} Ne8 (11... c6 12. h4 cxd5 13. cxd5 Rc8 14. f3 a4 15. Rc1 b5 16. Kf2 b4 17. Ncb1 Ne8 18. h5 Bf6 19. Kg2 Bg5 {½-½ (41) Matlakov,M (2707)-Can,E (2589) Khanty-Mansiysk 2017}) 12. h4 {[%cal Bh3h4,Bh4g5][%mdl 32] LiveBook: 8 Games} b6 13. g5 {White is better.} f6 $146 ({Predecessor:} 13... f5 14. gxf6 Qxf6 15. f3 Qf7 16. Nf1 Nf6 17. Ng3 h5 18. Qd2 Kh7 {1-0 (45) Omar,N (2317)-Belouadah,S (2338) Sharjah 2018}) 14. Qc2 fxg5 15. hxg5 Rf7 16. O-O-O Bf8 17. Rdg1 a4 18. Kb1 a3 (18... c6 $142) 19. b3 Qc8 20. Qd1 Qa6 21. Nf3 c6 22. Rh4 Qc8 (22... Nc7 $16 {keeps fighting.}) 23. Rgh1 $18 cxd5 24. Nxd5 Qd8 25. Nh2 Be7 (25... Rb8 {was necessary.} 26. Bg4 Kh8 27. Bxd7 Qxd7) 26. Qg1 {Precision: White = 86%, Black = 28%.} 1-0

[Event "Teplice Open 2018"]
[Site "Teplice"]
[Date "2018.06.16"]
[Round "1"]
[White "Peralta, Fernando"]
[Black "Toure, Ananth"]
[Result "1-0"]
[WhiteElo "2567"]
[BlackElo "2029"]
[Annotator "TA RC"]
[PlyCount "41"]
[EventDate "2018.06.16"]
[EventType "swiss"]
[EventCountry "CZE"]
[SourceTitle "playchess.com"]
[Source "ChessBase"]
[SourceQuality "1"]

{[%evp 14,41,95,45,79,68,118,108,120,112,107,106,218,193,269,285,282,240,268,252,354,367,586,303,601,494,587,473,872,856]} 1. d4 d6 2. Nf3 Bg4 3. c4 c6 4. Nc3 Nd7 5. e4 e5 6. Be2 g6 {A41: 1 d4 d6: Tartakower System and Modern Defence} (6... Be7 7. O-O Bxf3 8. Bxf3 Bg5 9. Bxg5 Qxg5 10. d5 c5 11. Qb3 b6 12. Qa4 Ke7 13. Nb5 Ngf6 14. Nxa7 Kf8 15. Qa6 g6 16. Qb7 Kg7 17. Rfd1 Rhb8 18. Qc7 Nf8 {1-0 (63) Skoberne,J (2555)-Hasangatin,R (2505) Palic 2016}) 7. O-O Bg7 8. Be3 {LiveBook: 5 Games} Ne7 {White is slightly better.} 9. Qd2 h6 $146 ({Predecessor:} 9... f5 10. Ng5 Nf8 11. f3 h6 12. fxg4 hxg5 13. gxf5 gxf5 14. exf5 Bf6 15. Ne4 {1-0 (27) Khanukov,B (2340)-Frantzke,H (1930) Bad Bertrich 2003}) 10. Rad1 Qc7 11. h3 Bxf3 12. Bxf3 O-O-O {[#]} (12... exd4 $16 {was necessary.} 13. Bxd4 Be5) 13. d5 $1 $18 c5 (13... Kb8 $142 14. dxc6 Qxc6) 14. b4 f5 15. bxc5 Nxc5 16. Rb1 a6 (16... Rd7 $142 17. Nb5 Qb6) 17. Qb2 Kb8 (17... Rhf8 {was called for.} 18. Rfd1 Rf6 19. Bxc5 dxc5) 18. Qa3 Kc8 $2 {[#]} (18... Nc8 19. Bxc5 Qxc5 20. Qxa6 Rd7) 19. Rfc1 {White is clearly winning.} Bf8 20. Na4 Ng8 (20... fxe4 $142 21. Nxc5 dxc5) 21. exf5 {Precision: White = 67%, Black = 15%.} 1-0

[Event "Teplice Open 2018"]
[Site "Teplice"]
[Date "2018.06.16"]
[Round "1"]
[White "Dastan, Muhammed Batuhan"]
[Black "Popper, Tomas"]
[Result "1-0"]
[WhiteElo "2538"]
[BlackElo "2020"]
[Annotator "TA"]
[PlyCount "71"]
[EventDate "2018.06.16"]
[EventType "swiss"]
[EventCountry "CZE"]
[SourceTitle "playchess.com"]
[Source "ChessBase"]
[SourceQuality "1"]

{[%evp 10,71,47,36,35,18,135,81,88,83,116,22,62,64,77,80,142,154,136,141,304,74,437,433,419,387,601,590,899,785,799,513,735,541,718,708,847,763,770,753,729,719,706,691,733,704,725,658,1116,1491,1356,1287,1920,2035,1239,1794,1909,1854,1537,1540,12834,12829,2694,2510]} 1. e4 e5 2. Nf3 d6 3. d4 exd4 4. Nxd4 Nf6 5. Nc3 c6 6. Be2 Be7 {C41: Philidor Defence} 7. g4 $146 {[%cal Bg2g4,Bg4g5][%mdl 32]} ({Predecessor:} 7. O-O O-O 8. a4 Qc7 9. f4 a6 10. Bf3 c5 11. Nf5 Nc6 12. Nxe7+ Qxe7 13. Kh1 Nd4 14. Be3 Nxf3 15. gxf3 {1-0 (39) Iordachescu,V (2627)-Dimitrijevic,A (2292) playchess.com INT 2004}) 7... g6 (7... d5 $11 {keeps the balance.}) 8. Bf4 (8. g5 $142 Nfd7 9. h4) 8... h5 {[%cal Rh5g4] White is better.} 9. g5 Ng4 10. Nf3 ({White should try} 10. h4 $16) 10... Qb6 11. O-O $36 {[%mdl 2048] White is more active.} O-O 12. Bxd6 Rd8 (12... Bxd6 $142 13. Qxd6 Qxb2) 13. Bxe7 $16 Rxd1 14. Raxd1 {Threatens to win with Rd8+.} Nd7 $2 {[#]} (14... Be6 $16 {might work better.}) 15. b4 $2 (15. h3 $1 $18) 15... Ne3 $2 {[%mdl 8192]} (15... a5 $16 {is more resistant.}) 16. Na4 $18 {[%cal Bc3a4,Ba4c5,Bc5d3,Bd3e5][%mdl 32]} Qc7 17. fxe3 Nf8 (17... b5 $142 18. Nc3 a5) 18. Bd6 {White is clearly winning.} Qd7 19. Nc5 Qh3 20. Bg3 b6 {Now ...h4 and Black clings on.} 21. Nd3 Qe6 22. Nde5 Qe8 23. h4 c5 24. bxc5 bxc5 25. Ne1 Be6 26. N1d3 Nd7 27. Nxd7 Bxd7 28. Nxc5 Bg4 29. Bxg4 hxg4 30. Rd7 Rc8 31. Rfxf7 Qxf7 32. Rxf7 Kxf7 33. Bd6 Rc6 34. e5 {[%cal Be4e5,Be5e6][%mdl 32]} Rb6 35. e6+ Ke8 36. Ne4 {Precision: White = 50%, Black = 18%.} 1-0

[Event "Teplice Open 2018"]
[Site "Teplice"]
[Date "2018.06.16"]
[Round "1"]
[White "Krysa, Leandro"]
[Black "Sura, Jaroslav"]
[Result "1-0"]
[WhiteElo "2529"]
[BlackElo "2014"]
[Annotator "TA"]
[PlyCount "59"]
[EventDate "2018.06.16"]
[EventType "swiss"]
[EventCountry "CZE"]
[SourceTitle "playchess.com"]
[Source "ChessBase"]
[SourceQuality "1"]

{[%evp 13,59,15,50,0,0,0,23,14,39,40,96,109,117,97,169,129,133,129,127,116,114,123,180,137,209,138,370,372,350,364,375,366,550,533,643,531,521,522,522,522,511,515,1232,1229,1220,1217,1206,1210]} 1. e4 e5 2. Nf3 Nc6 3. Bc4 Nf6 4. d3 Bc5 5. c3 d6 6. Bb3 a6 7. O-O Bg4 {LiveBook: 10 Partien. C54: Italienische Partie (Hauptvariante)} (7... Ba7 8. Re1 h6 9. Nbd2 Nh5 10. Nf1 Qf6 11. Ne3 Nf4 12. Nd5 Nxd5 13. exd5 Ne7 14. d4 exd4 15. Nxd4 O-O 16. Be3 {½-½ (101) Amin,B (2689)-Bu,X (2730) Riadh 2017}) 8. Be3 (8. h3 {feels hotter.} Bh5 9. Re1 O-O 10. Nbd2 h6 11. Nf1) 8... Bxe3 $146 ({Vorgänger:} 8... O-O 9. Nbd2 Nd7 10. h3 Bh5 11. Qe1 Kh8 12. Nh2 Bg6 13. g4 Ba7 14. Bxa7 Rxa7 15. Qe3 {½-½ (57) Skripchenko,A (2456)-Hector,J (2518) Pulvermuehle 2004}) 9. fxe3 Qd7 {Die Stellung ist ausgeglichen.} 10. Nbd2 {[%cal Bb1d2,Bd2b3,Bb3a5][%mdl 32]} Bh5 11. Qe1 O-O-O {[#]} (11... Bxf3 $14 12. Nxf3 (12. Rxf3 O-O-O $14) 12... O-O-O) 12. Ba4 $1 $16 Rhe8 13. c4 Qg4 (13... Kb8 $16) 14. Bxc6 bxc6 15. Nb3 Kd7 16. Na5 Rb8 17. b4 Re6 (17... Ng8 $16) 18. a3 Ng8 (18... Qg6 $16 19. Nh4 Qg5) 19. Ra2 {Droht h3 und aus.} Ne7 $2 {[#]} (19... Rg6 $16 {ist wohl besser.}) 20. h3 $18 {[%cal Bh2h3,Bh3g4,Bg4g5][%mdl 32]} Qg6 21. g4 Bxg4 22. hxg4 h5 (22... Qxg4+ $142 23. Rg2 Qh5) 23. g5 {Weiß steht klar auf Gewinn.} Rh8 24. Rg2 h4 25. Nxh4 Qh5 26. Nf3 f6 27. Qg3 fxg5 (27... Qh3 $142 28. Qxh3 Rxh3) 28. Rh2 Qe8 29. Rxh8 Qxh8 30. Qg4 {Precision: Weiß = 78%, Schwarz = 27%.} 1-0

[Event "Teplice Open 2018"]
[Site "Teplice"]
[Date "2018.06.16"]
[Round "1"]
[White "Tsifanskaya, Ludmila A"]
[Black "Rodshtein, Maxim"]
[Result "0-1"]
[WhiteElo "2048"]
[BlackElo "2688"]
[Annotator "TA"]
[PlyCount "38"]
[EventDate "2018.06.16"]
[EventType "swiss"]
[EventCountry "CZE"]
[SourceTitle "playchess.com"]
[Source "ChessBase"]
[SourceQuality "1"]

{[%evp 14,38,25,4,15,-23,-22,-35,-25,-35,-24,-38,-19,-81,-102,-89,-85,-100,-98,-132,-136,-470,-451,-454,-274,-1941,-1899]} 1. e4 c6 2. d4 d5 3. e5 Bf5 4. Nf3 {[%cal Bg1f3,Bf3e1,Be1d3][%mdl 32]} e6 5. Be2 Ne7 6. O-O h6 7. b3 Nd7 8. Nbd2 {LiveBook: 10 Games. B12: Caro-Kann: Advance Variation} (8. c4 Ng6 9. Na3 Bb4 10. Nc2 Bc3 11. Rb1 O-O 12. Bd3 Be4 13. Bxe4 dxe4 14. Nd2 Bxd2 15. Qxd2 c5 16. Ba3 Qh4 {½-½ (55) Shirov,A (2702)-Kovalenko,I (2702) Riga 2015}) 8... g5 {[%cal Bg7g5,Bg5f4][%mdl 32]} 9. Ne1 c5 $146 ({Predecessor:} 9... Bg6 10. c3 Nf5 11. Nd3 Qb6 12. a4 a5 13. Nf3 Be7 14. Kh1 Rc8 15. Bd2 {1-0 (48) Lau,R (2515)-Ellers,H (2275) Dresden 1994}) 10. dxc5 {The position is equal.} Bg7 11. f4 gxf4 12. Ndf3 $1 Ng6 13. Nd4 (13. Nd3 $11 {keeps the balance.}) 13... Be4 $1 $17 14. Nd3 Qg5 {[%csl Ge4][%cal Rg5g2]} 15. g3 {[%cal Rd3f4] [#]} Qe7 $1 ({Reject} 15... Ndxe5 16. Nxf4 Nxf4 17. Bxf4 $15) 16. gxf4 Rg8 $40 {[%mdl 128] Black wants a kill.} 17. Nb5 $2 {[%mdl 8192] [#]} ({Don't blunder} 17. c6 $2 {[#]} Ngxe5 $1 {[%mdl 512]} 18. Nxe5 Bxe5+ 19. Kf2 Rg2+ 20. Ke3 bxc6 $19) (17. Nf2 $17 {is a better chance.} Nxf4 18. Nxe4 Nxe2+ 19. Qxe2 dxe4 20. Kh1) 17... Ngxe5 $1 $19 {[%mdl 512]} 18. Nd6+ (18. Nxe5 Bxe5+) 18... Kd8 19. Be3 $2 (19. Nxe4 Nxd3 20. Ng3) 19... Bh8+ {Precision: White = 20%, Black = 76%.} 0-1

[Event "Teplice Open 2018"]
[Site "Teplice"]
[Date "2018.06.16"]
[Round "1"]
[White "Pribyl, Viktor"]
[Black "Movsesian, Sergei"]
[Result "0-1"]
[WhiteElo "2045"]
[BlackElo "2633"]
[Annotator "TA"]
[PlyCount "36"]
[EventDate "2018.06.16"]
[EventType "swiss"]
[EventCountry "CZE"]
[SourceTitle "playchess.com"]
[Source "ChessBase"]
[SourceQuality "1"]

{[%evp 11,36,10,10,-17,-8,-19,0,0,0,-108,-113,-148,-157,-152,-144,-243,-231,-317,-313,-397,-401,-389,-391,-2977,-2762,-29985,-29986]} 1. e4 c5 2. Nf3 e6 3. g3 Nc6 4. Bg2 Nf6 5. Qe2 (5. d3 d5 6. Nbd2 Be7 7. O-O O-O 8. Re1 b5 9. e5 Nd7 10. Nf1 Bb7 11. h4 Qc7 12. Bf4 Rfc8 13. Ne3 Qd8 14. Ng4 Bf8 15. Bg5 Qe8 16. c3 h6 17. Bf4 a5 18. Qd2 b4 19. c4 Ne7 20. h5 {1-0 (59) Kuzubov,Y (2699)-Grischuk,A (2772) Riadh 2017}) 5... e5 6. O-O {B40: Sicilian: 2...e6, Unusual lines} Be7 {LiveBook: 110 Games} 7. c4 d6 8. h3 {The position is equal.} h5 $146 ({Predecessor:} 8... O-O 9. d3 Rb8 10. Nc3 a6 11. a4 Bd7 12. Kh2 Nd4 13. Nxd4 cxd4 {½-½ (22) Priyadharshan,K (2425)-Boros,D (2493) Saint Louis 2013}) 9. Nc3 h4 10. gxh4 (10. Nxh4 $11 Bd7 11. Nf5) 10... Nd4 $17 11. Nxd4 cxd4 12. Nd5 Rxh4 13. Nxf6+ (13. d3 $17 {keeps fighting.}) 13... Bxf6 $19 14. Qf3 Ke7 15. Qg3 Qh8 16. Kh2 Qh5 {White must now prevent ...Bxh3!} 17. d3 $2 {[#]} (17. Rh1 Qe2 18. b3) 17... Bxh3 $1 {[%mdl 512]} 18. f3 (18. Bxh3 Rh8) 18... Rh8 {Precision: White = 19%, Black = 87%.} 0-1

[Event "Teplice Open 2018"]
[Site "Teplice"]
[Date "2018.06.16"]
[Round "1"]
[White "Svanda, Ondrej"]
[Black "Erdos, Viktor"]
[Result "0-1"]
[WhiteElo "2043"]
[BlackElo "2620"]
[Annotator "TA"]
[PlyCount "86"]
[EventDate "2018.06.16"]
[EventType "swiss"]
[EventCountry "CZE"]
[SourceTitle "playchess.com"]
[Source "ChessBase"]
[SourceQuality "1"]

{[%evp 25,86,-17,-27,-42,0,0,0,-21,-21,-19,-14,0,-9,-9,-9,-24,0,-5,0,-3,0,-24,-9,-102,-102,-102,-102,-102,-99,-102,-102,-104,-92,-100,-100,-100,-98,-165,-165,-165,-165,-160,-153,-139,-107,-144,-139,-157,-108,-152,-141,-147,-132,-122,-120,-275,-262,-264,-269,-257,-261,-404,-360]} 1. e4 e5 2. Nf3 Nc6 3. d4 exd4 4. Bc4 Bc5 5. c3 Nf6 6. cxd4 Bb4+ 7. Bd2 Nxe4 8. Bxb4 Nxb4 9. Bxf7+ Kxf7 10. Qb3+ {C54: Giuoco Piano: 4 c3 Nf6, main lines with 5 d4 and 5 d3} Kf8 11. Qxb4+ Qe7 12. Qxe7+ Kxe7 13. Nbd2 (13. O-O Kd8 14. Re1 Nf6 15. Nc3 d6 16. Ng5 Rf8 17. f3 a5 {½-½ (27) McShane,L (2647)-Matlakov,M (2707) Batumi 2018}) 13... Nf6 {LiveBook: 9 Games} 14. O-O {[#]} Kd8 $146 ({Predecessor:} 14... d6 15. Rfe1+ Kd7 16. Nc4 b6 17. Nce5+ dxe5 18. Nxe5+ {0-1 (51) Gireman,J (2280)-Ernst,S (2536) Chennai 2016}) 15. Rfe1 d6 16. Ng5 Rf8 17. Nde4 h6 18. Nxf6 Rxf6 19. Ne4 Rf7 20. Re3 Bf5 21. Rae1 {Threatens to win with Nxd6!} Kd7 22. f3 Raf8 23. Nf2 Kd8 24. g3 (24. Ne4 $11) 24... Bd7 $17 25. f4 g5 $1 {[%cal Rg5f4]} 26. Nd3 Bb5 27. fxg5 hxg5 28. Rd1 a5 29. Re2 Rf3 30. Red2 Bc4 31. a3 (31. b3 $17 {is a better defense.} Bd5 32. Rc1) 31... b5 $19 32. Nf2 {[#]} Re3 $1 33. Nh3 Rf5 34. Kg2 Kc8 35. Kg1 Kb7 36. Kg2 Kc6 37. Nf2 Kd5 38. Ng4 Re4 39. Nf2 Re7 40. Nh3 $2 {[#]} (40. Kg1 $17) 40... Re2+ $1 41. Rxe2 Bxe2 42. Rc1 Kxd4 43. Nf2 (43. Ng1 {was the only defense.} Ke3 44. g4 Bxg4 45. Rc3+ Kf4 46. Rxc7) 43... c5 {Precision: White = 49%, Black = 66%.} 0-1

[Event "Teplice Open 2018"]
[Site "Teplice"]
[Date "2018.06.16"]
[Round "1"]
[White "Bai, Adelard"]
[Black "Turov, Maxim"]
[Result "0-1"]
[WhiteElo "2042"]
[BlackElo "2600"]
[Annotator "TA"]
[PlyCount "86"]
[EventDate "2018.06.16"]
[EventType "swiss"]
[EventCountry "CZE"]
[SourceTitle "playchess.com"]
[Source "ChessBase"]
[SourceQuality "1"]

{[%evp 22,86,54,7,27,6,55,25,11,10,10,0,0,0,0,-109,-112,-126,-120,-135,-109,-116,-106,-111,-119,-113,-118,-120,-134,-152,-116,-114,-127,-118,-96,-189,-142,-142,-142,-156,-114,-138,-102,-143,-123,-225,-215,-279,-256,-362,-358,-406,-397,-375,-370,-354,-346,-593,-607,-1057,-1110,-1044,-951,-29990,-625,-29991,-29992]} 1. d4 Nf6 2. c4 e6 3. Nc3 Bb4 4. e3 O-O 5. Bd2 b6 6. Bd3 Bb7 7. Nf3 d5 8. cxd5 exd5 9. O-O a6 10. Ne5 {E52: Nimzo-Indian: Rubinstein: 4...0-0 5 Nf3 d5 6 Bd3 b6} Bd6 11. f4 c5 12. Qf3 {LiveBook: 4 Games. White is slightly better.} Nc6 13. Qh3 {[#] Strongly threatening Nxd5!} g6 {[#]} 14. Nxc6 $146 ({Predecessor:} 14. Rad1 cxd4 15. Nxc6 Bxc6 16. exd4 Ne4 17. Bxe4 dxe4 {1-0 (26) Milos,G (2633)-Kunte,A (2556) New Delhi/Teheran 2000}) 14... Bxc6 15. f5 c4 16. Bc2 b5 {[%cal Bb6b5,Bb5b4][%mdl 32]} 17. fxg6 fxg6 18. g3 (18. Qe6+ $11 Kg7 19. e4 dxe4 20. Bg5 (20. Nxe4 Bxe4 21. Bxe4 Qb6 $17) (20. Bxe4 Nxe4 21. Nxe4 Bxh2+ 22. Kxh2 Qh4+ 23. Kg1 Qxe4 $17)) 18... b4 $36 {[%mdl 2048] Black has strong initiative.} 19. Ne2 Qd7 20. Qg2 Rae8 21. Rf3 Ne4 22. Rxf8+ Bxf8 23. Nf4 a5 24. Bxe4 Rxe4 ({Much weaker is} 24... dxe4 $6 25. a3 $15) 25. Qf3 Re8 26. Rf1 Qf5 27. g4 Qe4 28. Qf2 (28. Qxe4 $17 Rxe4 29. h3) 28... Be7 29. Qg2 Qxg2+ 30. Kxg2 Bd6 31. h4 Kg7 32. Kf3 h6 {[%cal Bh7h6,Bh6g5][%mdl 32]} 33. Rg1 (33. g5 $17) 33... g5 $19 34. Nh5+ Kg6 35. Be1 (35. Ng3 $142) 35... Ba4 36. hxg5 hxg5 37. Bg3 Be7 38. Be5 Rf8+ 39. Ke2 $2 {[#]} (39. Kg3 {might work better.}) 39... Bc2 40. Ng7 Bd3+ 41. Ke1 b3 42. axb3 Bb4+ 43. Kd1 Rf2 {Precision: White = 39%, Black = 85%.} 0-1

[Event "Teplice Open 2018"]
[Site "Teplice"]
[Date "2018.06.16"]
[Round "1"]
[White "Stastny, Petr"]
[Black "Stocek, Jiri"]
[Result "0-1"]
[WhiteElo "2033"]
[BlackElo "2570"]
[Annotator "TA"]
[PlyCount "86"]
[EventDate "2018.06.16"]
[EventType "swiss"]
[EventCountry "CZE"]
[SourceTitle "playchess.com"]
[Source "ChessBase"]
[SourceQuality "1"]

{[%evp 18,86,36,0,0,0,2,0,0,0,0,-7,27,-8,-4,-10,-5,-78,-81,-72,-79,-78,-71,-90,-90,-86,-85,-118,-113,-141,-73,-100,-77,-78,-68,-61,-65,-70,-73,-49,-13,-98,-98,-98,-106,-138,-129,-142,-137,-250,-254,-247,-232,-263,-252,-250,-135,-137,0,-231,-214,-204,-195,-199,-193,-326,-322,-300,-314,-1796,-1665]} 1. d4 {[%cal Bd2d4,Bd4d5][%mdl 32]} Nf6 2. c4 c5 3. d5 b5 4. cxb5 a6 5. bxa6 g6 6. Nc3 {A58: Wolga/Benkö-Gambit} Bg7 7. Nf3 O-O 8. e4 (8. g3 d6 9. Bg2 Nxa6 10. O-O Bf5 11. Nh4 Bd7 12. b3 Qb6 13. Bd2 Rfb8 14. Re1 Nc7 15. Qc2 Ra3 16. Qc1 Qa7 17. e4 Ng4 18. h3 {0-1 (38) Li,C (2732)-Shankland,S (2671) Liaocheng 2018}) 8... Qa5 9. Bd2 Bxa6 10. Bxa6 {LiveBook: 55 Partien} Qxa6 11. Qe2 e6 12. Qxa6 Nxa6 {[%cal Bb8a6,Ba6b4,Bb4d3][%mdl 32]} 13. O-O Rfb8 14. Rab1 $146 Rb7 15. Be3 Ng4 16. Bf4 Nb4 17. Bd6 {[#]} (17. h3 $11 {bleibt in der Remisbreite.} Nd3 18. dxe6 (18. hxg4 Nxf4 19. dxe6 dxe6 $17) 18... dxe6 19. Bg3 Rxb2 20. Rxb2 Nxb2 21. hxg4 Bxc3 22. Rc1) 17... Nd3 $1 $17 18. e5 Ngxe5 19. Nxe5 Nxe5 20. Bxc5 Nd3 21. Be3 Rxb2 22. Rxb2 Nxb2 23. Ne2 e5 ({Lieber} 23... exd5 24. Rc1 Be5) 24. Rc1 f5 25. g3 Nd3 26. Rc7 Rxa2 27. Nc1 Nxc1 28. Bxc1 $15 {[%mdl 4096] Endspiel KTL-KTL} Ra6 29. Bg5 {[#]} (29. Rxd7 $11 Ra1 30. Rc7) 29... Rd6 $1 $17 30. Rc5 Kf7 31. Ra5 Bf6 32. Be3 g5 33. f4 (33. Kg2 $17 {kämpft weiter.}) 33... gxf4 $19 34. gxf4 e4 35. Kf2 Bd8 36. Rb5 Ra6 ({Besser ist} 36... Kg6 $19 37. Ke2 Be7) 37. Rb7 $17 Rd6 (37... Ke8 $17 38. Rb8 d6) 38. Rb5 $19 Bh4+ 39. Ke2 Be7 40. Ra5 Rh6 41. Ra7 (41. d6 {war nötig.} Rxh2+ 42. Kd1 Bxd6 43. Rxf5+ Ke6 44. Ra5) 41... Rxh2+ 42. Kf1 Rh3 43. Ke2 $2 {[#]} (43. Bg1) 43... Rxe3+ $1 {Precision: Weiß = 32%, Schwarz = 70%.} 0-1